000 00914nam a2200241 i 4500
001 183153
003 ES-MaACL
005 20251122063141.0
008 140127s1981 sp |||| | spa d
020 _a84-206-3995-8 (o.c.)
080 _a821.134.2(82)-82"19"
100 1 _aBorges, Jorge Luis,
_d1899-1986
_9242526
245 1 0 _aObras completas en colaboración /
_cJorge Luis Borges.
260 _aMadrid :
_bAlianza Editorial,
_cD.L. 1981.
300 _a2 v. (524, 512 p.) ;
_c20 cm.
490 1 _aAlianza Tres ;
_v76, 108
505 8 _aContiene: 1. Con Adolfo Bioy Casares -- 2. Con Betina Edelberg, Margarita Guerrero, Alicia Jurado, María Kodama y María Esther Vázquez
596 _a"Emecé"--Cubierta.
700 1 _aBioy Casares, Adolfo.
_928953
830 0 0 _aAlianza tres
_v76, 108
_9177344
852 _aES-MaACL
_jL-29973-74
_z.- Donat. Miguel A. Velasco
999 _c183153
_d183153